000 01010nam2a22002411 4500
001 RU\NLR\INFOCOMM9\5000104764
005 20250617025448.0
035 _a(NLR Aleph) 002396327
090 _a4646002
_c4646002
100 _a20041217d1998 |||y0rusy50 ca
101 0 _arus
102 _aRU
105 _ay ||||000|y
200 1 _aЭтнос. Идентичность. Образование
210 _d1998
_aБ. м.
461 0 _1001RU\NLR\INFOCOMM7\5000022450
_12001#$aТруды по социологии образования$fРос. акад. образования. Центр социологии образования$vТ.4, Вып.6
_94617536
_cМ.
_d1993-
_fРос. акад. образования. Центр социологии образования
_tТруды по социологии образования
_vТ.4, Вып.6
801 1 _aRU
_bInfoComm
_c20050921
801 0 _aRU
_bNLR
_gPSBO
852 _aNLR
_jП23/3686
942 _cISSUE
980 _aNB
980 _aRUSPER